000 01297nam a2200337 a 4500
001 000110050
003 CHAP
005 20220329144116.0
008 140626s2014 mx | |sm |||||||spa|d
010 _a106512
011 _a107484
040 _cCHAP
090 _aTesis
100 1 _aMolina Robles, Humberto
_9127428
245 1 0 _aPruebas de tetrazolio y contenido de humedad y su relación con la germinación de semillas de chincuya (Annona purpurea Moc & Sessé ex Dunal)
_h[En línea]
_cpor Humberto Molina Robles y Blanca Estela Núñez Mendoza.
260 _aChapingo, Méx. :
_bEl autor,
_c2014.
500 _aPara ver el contenido del material haga clic en la liga
502 _aTesis (Ing. Agr. Esp. en Fitotecnia) -- UACH. Departamento de Fitotecnia
590 _aBATCH-UPD
_b05
_c20141002
_lUCH01
_h0905
590 _aE792CSJ
_b05
_c20140626
_lUCH01
_h0932
590 _aE792CSJ
_b05
_c20140626
_lUCH01
_h0932
650 1 4 _aAnnona purpurea.
_95945
650 1 4 _aIndicadores biológicos.
_957561
650 1 4 _aSemillas
_xAlmacenamiento.
_9103875
650 1 4 _aSemillas
_xGerminación.
_9103903
700 1 _aNúñez Mendoza, Blanca Estela
_9127429
856 _aFinding aid
_uhttp://10.13.5.2/tesis/sist110050.pdf
_zTeclea aquí
901 _aBK
942 _cTESIS
942 _n0
999 _c106512
_d106512